Planning Office Space (Record no. 13387)

MARC details
000 -CABECERA
campo de control de longitud fija 00678nam a2200229 4500
003 - IDENTIFICADOR DEL NÚMERO DE CONTROL
campo de control OSt
005 - FECHA Y HORA DE LA ÚLTIMA TRANSACCIÓN
campo de control 20260530115312.0
008 - DATOS DE LONGITUD FIJA--INFORMACIÓN GENERAL
campo de control de longitud fija 260420b1976 xxua|||| |||| 00| 0 eng d
020 ## - NÚMERO INTERNACIONAL ESTÁNDAR DEL LIBRO
Número Internacional Estándar del Libro 0893970077
040 ## - FUENTE DE LA CATALOGACIÓN
Centro catalogador/agencia de origen ICI
Lengua de catalogación spa
Centro/agencia transcriptor ICI
050 ## - SIGNATURA TOPOGRÁFICA DE LA BIBLIOTECA DEL CONGRESO
Número de clasificación HF5547
Número de documento/Ítem D82
100 1# - ENTRADA PRINCIPAL--NOMBRE DE PERSONA
Nombre de persona Duffy, Frank,
9 (RLIN) 32923
245 10 - MENCIÓN DE TÍTULO
Título Planning Office Space
Mención de responsabilidad, etc. Edited by francis duffy, Colin cave, John worthington
264 #1 - PRODUCCIÓN, PUBLICACIÓN, DISTRIBUCIÓN, FABRICACIÓN Y COPYRIGHT
Nombre del de productor, editor, distribuidor, fabricante Architectural Press ; New York
Fecha de producción, publicación, distribución, fabricación o copyright 1976
Producción, publicación, distribución, fabricación y copyright London
300 ## - DESCRIPCIÓN FÍSICA
Extensión 248 páginas
Otras características físicas 30.5 cm.
336 ## - TIPO DE CONTENIDO
Término de tipo de contenido texto
Fuente rdacontent
337 ## - TIPO DE MEDIO
Nombre/término del tipo de medio sin medio
Fuente rdamedia
338 ## - TIPO DE SOPORTE
Nombre/término del tipo de soporte volumen
Fuente rdacarrier
650 #0 - PUNTO DE ACCESO ADICIONAL DE MATERIA--TÉRMINO DE MATERIA
Término de materia o nombre geográfico como elemento de entrada Oficinas
Subdivisión general Diseño
9 (RLIN) 32924
700 ## - PUNTO DE ACCESO ADICIONAL--NOMBRE DE PERSONA
Nombre de persona Cave, Colin
9 (RLIN) 32925
942 ## - ELEMENTOS DE PUNTO DE ACCESO ADICIONAL (KOHA)
Fuente del sistema de clasificación o colocación Dewey Decimal Classification
Tipo de ítem Koha

No items available.